Documentos de trabajo de contabilidad social (Registro nro. 8467)

Detalles MARC
000 -LEADER
fixed length control field 01025nas a2200241 454500
001 - CONTROL NUMBER
control field 14388
005 - DATE AND TIME OF LATEST TRANSACTION
control field 20260407193505.0
008 - FIXED-LENGTH DATA ELEMENTS--GENERAL INFORMATION
fixed length control field 260407s2008####ag###########|||spa#d
003 - CONTROL NUMBER IDENTIFIER
control field AR-UNSa-BCEJYS
040 ## - CATALOGING SOURCE
Original cataloging agency AR-UNSa-BCEJYS
Language of cataloging spa
Transcribing agency AR-UNSa-BCEJYS
080 ## - UNIVERSAL DECIMAL CLASSIFICATION NUMBER
Universal Decimal Classification number 657
Common auxiliary subdivision Contabilidad
022 ## - INTERNATIONAL STANDARD SERIAL NUMBER
International Standard Serial Number 1851-9296
100 1# - MAIN ENTRY--PERSONAL NAME
Personal name García Fronti, Inés M.
245 10 - TITLE STATEMENT
Title Documentos de trabajo de contabilidad social
264 #1 - PRODUCTION, PUBLICATION, DISTRIBUTION, MANUFACTURE, AND COPYRIGHT NOTICE
Place of production, publication, distribution, manufacture Buenos Aires :
Name of producer, publisher, distributor, manufacturer Universidad de Buenos Aires. Facultad de Ciencias Económicas
Date of production, publication, distribution, manufacture, or copyright notice 2008
310 ## - CURRENT PUBLICATION FREQUENCY
Current publication frequency Frecuencia:<br/>Cambia de Director a partir del Año 4, Nº 2 por Luisa Fronti de García<br/>
590 ## - LOCAL NOTE (RLIN)
Local note niveau_biblio:s niveau_hierar:1
650 ## - SUBJECT ADDED ENTRY--TOPICAL TERM
Topical term or geographic name entry element CONTABILIDAD
650 ## - SUBJECT ADDED ENTRY--TOPICAL TERM
Topical term or geographic name entry element Responsabilidad Social Empresaria
700 1# - ADDED ENTRY--PERSONAL NAME
Personal name Universidad de Buenos Aires. Facultad de Ciencias Económicas. Centro de Investigación en Contabilidad Social
856 41 - ELECTRONIC LOCATION AND ACCESS
Uniform Resource Identifier <a href="https://biblioeco.unsa.edu.ar/pmb/images/revistas/Documentos de Trabajo de Contabilidad Social a?o 4 n?2.jpg">https://biblioeco.unsa.edu.ar/pmb/images/revistas/Documentos de Trabajo de Contabilidad Social a?o 4 n?2.jpg</a>
Link text Imagen de portada
Electronic format type image/jpeg
942 ## - ADDED ENTRY ELEMENTS (KOHA)
Koha item type
Existencias
Withdrawn status Lost status Damaged status Not for loan Home library Current library Shelving location Date acquired Serial enumeration / chronology Total checkouts Full call number Barcode Date last seen Price effective from Koha item type
        Biblioteca Prof. Eusebio Cleto del Rey Biblioteca Prof. Eusebio Cleto del Rey   01/06/2013 Año 6, Nº 1 - jun. 2013   H657 TRA a6.n1 R14159 10/04/2026 10/04/2026 Numero
        Biblioteca Prof. Eusebio Cleto del Rey Biblioteca Prof. Eusebio Cleto del Rey   01/12/2012 Año 5, Nº 2 - dic. 2012   H657 TRA a5.n2 R11225 10/04/2026 10/04/2026 Numero
        Biblioteca Prof. Eusebio Cleto del Rey Biblioteca Prof. Eusebio Cleto del Rey   01/06/2012 Año 5, Nº 1 - jun. 2012   H657 TRA a5.n1 R07223 10/04/2026 10/04/2026 Numero
        Biblioteca Prof. Eusebio Cleto del Rey Biblioteca Prof. Eusebio Cleto del Rey   01/12/2011 Año 4, Nº 2 - dic. 2011   H657 TRA a4.n2 R07212 10/04/2026 10/04/2026 Numero
        Biblioteca Prof. Eusebio Cleto del Rey Biblioteca Prof. Eusebio Cleto del Rey   01/12/2010 Año 3, Nº 2 - dic. 2010   H657 TRA a3.n2 R07211 10/04/2026 10/04/2026 Numero
        Biblioteca Prof. Eusebio Cleto del Rey Biblioteca Prof. Eusebio Cleto del Rey   01/06/2008 Año 1, Nº 1 - jun. 2008   H657 TRA a1.n1 R07210 10/04/2026 10/04/2026 Numero